[Event "Felix Cup 2007 XXII"]
[Site "Felix Spa"]
[Date "2007.05.25"]
[Round "1.18"]
[White "Miron, Lucian Costin"]
[Black "Ionita, Gheorghe"]
[Result "1-0"]
[WhiteElo "2375"]
[BlackElo "1843"]
[PlyCount "37"]
[EventDate "2007.05.??"]
[EventRounds "9"]
[EventCountry "ROM"]

1. d4 Nf6 2. c4 e6 3. Nc3 d5 4. cxd5 exd5 5. Bg5 Bb4 6. e3 O-O 7. Bd3 c5 8.
dxc5 Bxc5 9. Nge2 Be6 10. O-O Nbd7 11. Rc1 Rc8 12. Bb1 h6 13. Bf4 g5 14. Bg3 h5
15. h4 g4 16. Nf4 Nb6 17. Qd3 Kg7 18. Nxh5+ Nxh5 19. Be5+ 1-0

[Event "Romanian Individual National C"]
[Site "Amara"]
[Date "2007.02.21"]
[Round "7"]
[White "Deliman, Antonio Emil"]
[Black "Ionita, Gheorghe"]
[Result "1-0"]
[WhiteElo "1702"]
[BlackElo "1861"]
[PlyCount "55"]
[EventDate "2007.02.??"]
[EventCountry "ROM"]

1. d4 Nf6 2. c4 e6 3. Nf3 d5 4. Nc3 Bb4 5. Bg5 O-O 6. e3 c5 7. a3 Bxc3+ 8. bxc3
Qa5 9. Qb3 Ne4 10. Rc1 cxd4 11. Be7 Re8 12. Bb4 dxc4 13. Bxc4 Qh5 14. cxd4 b5
15. Bd3 Bb7 16. Qc2 Ng5 17. Nxg5 Qxg5 18. Bxh7+ Kh8 19. Be4 Bxe4 20. Qxe4 Nd7
21. h4 Qd5 22. Qxd5 exd5 23. Rc7 Rac8 24. Rxc8 Rxc8 25. Kd2 Rc4 26. Rc1 Nf6 27.
f3 Kh7 28. g4 {mut 39} 1-0

[Event "Romanian Individual National C"]
[Site "Amara"]
[Date "2007.02.18"]
[Round "4"]
[White "Ionita, Gheorghe"]
[Black "Raducanu, Andrei-Augustin"]
[Result "0-1"]
[WhiteElo "1861"]
[BlackElo "2104"]
[PlyCount "62"]
[EventDate "2007.02.??"]
[EventCountry "ROM"]

1. e4 c5 2. c3 d5 3. exd5 Qxd5 4. d4 Nc6 5. Nf3 Nf6 6. c4 Qe4+ 7. Be3 Ng4 8.
Qd2 cxd4 9. Nxd4 Nxe3 10. fxe3 Nxd4 11. Qxd4 Qc6 12. Nc3 Bf5 13. O-O-O e6 14.
Bd3 Bg6 15. Be4 Bxe4 16. Nxe4 Rc8 17. Kb1 f6 18. c5 e5 19. Qd3 Be7 20. Nd6+
Bxd6 21. Qxd6 Qxd6 22. cxd6 Rc6 23. Rd2 Kd7 24. Rc1 Rxc1+ 25. Kxc1 Rc8+ 26. Kd1
Rc6 27. Ke2 Rxd6 28. Rc2 Ra6 29. b3 f5 30. Kf3 Rc6 31. Rb2 Rc3 {Mut 50} 0-1

[Event "Romanian Individual National C"]
[Site "Amara"]
[Date "2007.02.17"]
[Round "2"]
[White "Ionita, Gheorghe"]
[Black "Sava, Bogdan"]
[Result "0-1"]
[WhiteElo "1861"]
[BlackElo "2120"]
[PlyCount "95"]
[EventDate "2007.02.??"]
[EventCountry "ROM"]

1. e4 e5 2. Nf3 Nf6 3. d4 Nxe4 4. Bd3 d5 5. Nxe5 Nd7 6. Nxd7 Bxd7 7. O-O Bd6 8.
c4 O-O 9. c5 Be7 10. Nc3 Nxc3 11. bxc3 b6 12. cxb6 axb6 13. Qh5 f5 14. Re1 g6
15. Qh6 Bf6 16. Bb2 b5 17. Kh1 Bg5 18. Qh3 Re8 19. a3 Bd2 20. Re2 Rxe2 21. Bxe2
Qe7 22. Qd3 Re8 23. Bf1 Bh6 24. g3 Qe4+ 25. Kg1 Re7 26. Rd1 Kg7 27. Bc1 Bxc1
28. Rxc1 Re8 29. Rb1 Qe7 30. Qf3 c6 31. Ra1 Ra8 32. Qe3 Qxe3 33. fxe3 Kf6 34.
h4 h6 35. Bd3 g5 36. Kf2 gxh4 37. gxh4 Be8 38. Ke2 Bh5+ 39. Kf2 Ra4 40. Be2
Bxe2 41. Kxe2 Rc4 42. a4 Rxc3 43. a5 Rc2+ 44. Kf1 Rh2 45. Ra3 b4 46. Rb3 Ra2
47. Rxb4 Rxa5 48. Rb6 0-1

[Event "Romanian Individual National C"]
[Site "Amara"]
[Date "2007.02.16"]
[Round "3"]
[White "Stoicescu, Horia"]
[Black "Ionita, Gheorghe"]
[Result "1-0"]
[WhiteElo "2059"]
[BlackElo "1861"]
[PlyCount "47"]
[EventDate "2007.02.??"]
[EventCountry "ROM"]

1. d4 Nf6 2. c4 e6 3. Nc3 Bb4 4. e3 O-O 5. Nge2 d5 6. a3 Bxc3+ 7. Nxc3 Nbd7 8.
cxd5 exd5 9. Qf3 Nb6 10. h3 a6 11. Bd3 c6 12. O-O Nc4 13. e4 dxe4 14. Nxe4 Qxd4
15. Nxf6+ gxf6 16. Bxc4 Qxc4 17. Bh6 Qc2 18. Bxf8 Kxf8 19. Qxf6 Qg6 20. Qd8+
Kg7 21. Kh2 h5 22. Rae1 c5 23. Qd5 Rb8 24. Qe5+ 1-0

[Event "?"]
[Site "?"]
[Date "2006.02.04"]
[Round "1"]
[White "Ionita, Gheorghe"]
[Black "Levay, Sorin Sebastian"]
[Result "0-1"]
[WhiteElo "1889"]
[BlackElo "2265"]
[PlyCount "48"]
[EventDate "2006.??.??"]

1. e4 g6 2. d4 Bg7 3. Nc3 d6 4. Bc4 Nf6 5. Bg5 O-O 6. Qe2 Nc6 7. O-O-O a6 8. h4
b5 9. Bb3 b4 10. Na4 Na5 11. e5 Nxb3+ 12. axb3 Nd5 13. h5 f6 14. Qe4 c6 15.
hxg6 fxg5 16. e6 h6 17. Nh3 Rf6 18. Nxg5 hxg5 19. Qg4 Qe8 20. f4 Qxg6 21. fxg5
Bxe6 22. Qh4 Rf4 23. Qe1 Re4 24. Qg3 Rg4 0-1

[Event "Memorialul Pius Branzeu"]
[Site "?"]
[Date "2006.??.??"]
[Round "1"]
[White "Ionita, Gheorghe"]
[Black "Ardelean, George Catalin"]
[Result "0-1"]
[WhiteElo "1936"]
[BlackElo "2449"]
[PlyCount "38"]

1. e4 d5 2. exd5 Qxd5 3. Nc3 Qd6 4. d4 Nf6 5. Bc4 c6 6. Nge2 Bf5 7. Bf4 Qb4 8.
Bb3 e6 9. a3 Qa5 10. Qd2 Nbd7 11. h3 Be7 12. O-O-O Qa6 13. g4 Bg6 14. g5 Nd5
15. h4 Bxa3 16. bxa3 (16. Bxd5 cxd5 17. bxa3 Qxa3+ 18. Kb1 Rc8 19. Qc1 Qb3+ $17
) 16... Qxa3+ 17. Kb1 Qxb3+ 18. Ka1 Bxc2 19. Rc1 Nb4 0-1